| 000 | 00829nam a22002177a 4500 | ||
|---|---|---|---|
| 005 | 20240418115505.0 | ||
| 008 | 220629b ||||| |||| 00| 0 eng d | ||
| 040 | _cAloy | ||
| 041 | _akan | ||
| 082 |
_223 _aK894.9 _bSIDA |
||
| 100 |
_aSiddhalinga Pattanashetti _9161335 |
||
| 245 |
_aAdhunika kannada hindi kavya _bಆಧುನಿಕ ಕನ್ನಡ ಹಿಂದಿ ಕಾವ್ಯ |
||
| 260 |
_aDharawada: _bKarnataka Vishwavidyalaya, _c1960 |
||
| 300 |
_aviii,62p. _bPB _c16x10cm. |
||
| 365 | _2Kannada | ||
| 650 |
_aKannada Cririticism: ಕನ್ನಡ ವಿಮರ್ಶೆ _945886 |
||
| 650 |
_aKannada Literature: ಕನ್ನಡ ಸಾಹಿತ್ಯ _945887 |
||
| 700 |
_aPATTANASHETTI (Siddhalinga) _945888 |
||
| 700 |
_aಸಿದ್ದಲಿಂಗ ಪಟ್ಟಣಶೆಟ್ಟಿ _9161336 |
||
| 942 |
_2ddc _cGF |
||
| 999 |
_c223510 _d223510 |
||